Normal view
MARC view
Entry Personal Name
001 - CONTROL NUMBER
- control field: 5329
003 - CONTROL NUMBER IDENTIFIER
- control field: HDC
005 - DATE AND TIME OF LATEST TRANSACTION
- control field: 20230624073213.0
008 - FIXED-LENGTH DATA ELEMENTS
- fixed length control field: 210119|| aca||aabn | a|a d
040 ## - CATALOGING SOURCE
- Original cataloging agency: HDC
- Transcribing agency: HDC
100 ## - HEADING--PERSONAL NAME
- Personal name: Chok, Nyen Vui
670 ## - SOURCE DATA FOUND
- Source citation: Work cat.: (HDC): 3rd INTERNATIONAL CONFERENCE ON BUSINESS AND ECONOMIC RESEARCH, GOLDEN FLOWER HOTEL, BANDUNG, INDONESIA, 12 - 13 MARCH 2012 5327, The Role Of Halal Awareness And Halal Certification In Influencing Non-Muslims’ Purchase Intention / by, 2012
